Statistics for Google Most Asked #2

Click here to take the quiz!

General Stats

  • This quiz has been taken 19 times
  • The average score is 3 of 10

Answer Stats

My eyes look ____Most Asked% Correct
2.Tired
75%
4.Black
56%
10.Yellow
38%
1.Dead
31%
9.Old
25%
5.Different
19%
7.Glassy
19%
8.Sad
13%
3.Sunken
13%
6.A Little Yellow
6%

Score Distribution

Percentile by Number Answered

Percent of People with Each Score

Your Score History

You have not taken this quiz